Normal view MARC view
  • Regression (Civilization)

Entry Topical Term

Number of records used in: 3

001 - CONTROL NUMBER

  • control field: 39097

003 - CONTROL NUMBER IDENTIFIER

  • control field: OSt

005 - DATE AND TIME OF LATEST TRANSACTION

  • control field: 20160120105910.0

008 - FIXED-LENGTH DATA ELEMENTS

  • fixed length control field: 160120|| aca||babn | a|a d

040 ## - CATALOGING SOURCE

  • Original cataloging agency: OSt

150 ## - HEADING--TOPICAL TERM

  • Topical term or geographic name as entry element: Regression (Civilization)

450 ## - SEE FROM TRACING--TOPICAL TERM

  • Topical term or geographic name entry element: Decline of civilization

550 ## - SEE ALSO FROM TRACING--TOPICAL TERM

  • Topical term or geographic name entry element: Civilization
  • General subdivision: Philosophy

550 ## - SEE ALSO FROM TRACING--TOPICAL TERM

  • Topical term or geographic name entry element: Progress